| 000 | nam a22 4500 | ||
|---|---|---|---|
| 999 |
_c9230 _d9230 |
||
| 008 | 180419b ||||| |||| 00| 0 eng d | ||
| 245 | _aRising global temperatures wreak havoc on environment. | ||
| 260 |
_aPhilippines: _bManila Bulletin, _cc2017. |
||
| 300 | _apage B-9. | ||
| 650 | 0 |
_927536 _aClimate change. |
|
| 942 |
_2ddc _cPER |
||